[Event "2015 Canadian Closed"]
[Site "Guelph, Ontario"]
[Date "2015.07.12"]
[Round "4.19"]
[White "Li, Yinshi"]
[Black "Drkulec, Vlad"]
[Result "1-0"]
[WhiteElo "2211"]
[BlackElo "1950"]
[PlyCount "91"]
[EventDate "2015.??.??"]
[SourceDate "2015.07.10"]
[TimeControl "40/5400+30:1800+30"]

1. d4 Nf6 2. c4 g6 3. Nc3 d5 4. cxd5 Nxd5 5. g3 Nxc3 6. bxc3 Bg7 7. Bg2 O-O 8.
e3 c5 9. Ne2 Nc6 10. O-O Qc7 11. Ba3 cxd4 12. cxd4 Rd8 13. Rc1 Qa5 14. Qb3 Qa6
15. Nc3 Na5 16. Qb5 Qxb5 17. Nxb5 Bf8 18. Bc5 b6 19. Bxa8 bxc5 20. dxc5 Ba6 21.
Rfd1 Rxa8 22. Nc7 Bb7 23. Nxa8 Bxa8 24. Rd8 Bf3 25. Rb1 Nc6 26. Rc8 Kg7 27. Rb7
e6 28. Rcc7 Kg8 29. Rxf7 Nd8 30. Rxf3 Nxb7 31. c6 Nd6 32. c7 Nc8 33. e4 Bd6 34.
Rb3 Bxc7 35. Rc3 Bb6 36. Rxc8+ Kf7 37. e5 g5 38. Kg2 g4 39. f3 h5 40. fxg4 hxg4
41. Rc4 Kg6 42. Rxg4+ Kf5 43. Rb4 Kxe5 44. Rxb6 axb6 45. Kf3 Kd4 46. Ke2 1-0

[Event "2015 Canadian Closed"]
[Site "Guelph, Ontario"]
[Date "2015.07.12"]
[Round "4.20"]
[White "Surya, Benito"]
[Black "Manley, Jason"]
[Result "1/2-1/2"]
[WhiteElo "1938"]
[BlackElo "2164"]
[PlyCount "125"]
[EventDate "2015.??.??"]
[SourceDate "2015.07.10"]
[TimeControl "40/5400+30:1800+30"]

1. e4 e6 2. Nf3 d5 3. e5 c5 4. b4 cxb4 5. a3 Nc6 6. axb4 Bxb4 7. c3 Be7 8. d4
Bd7 9. Bd3 f6 10. Bf4 fxe5 11. dxe5 Qc7 12. Qe2 O-O-O 13. O-O Rf8 14. Be3 Nxe5
15. Nxe5 Qxe5 16. Rxa7 Bc6 17. Bb5 Qd6 18. Bxc6 Qxc6 19. Rc1 e5 20. Na3 Nf6 21.
c4 d4 22. Bg5 Bxa3 23. Rxa3 Re8 24. Rb1 Qe4 25. Qb2 Rhf8 26. Ra7 Rf7 27. Bxf6
gxf6 28. Qb5 Rfe7 29. Ra8+ Kc7 30. Qa5+ Kd7 31. Rxb7+ Qxb7 32. Ra7 Qxa7 33.
Qxa7+ Ke6 34. Qa2 Kf7 35. Kf1 Rc7 36. c5+ Kg7 37. Qa3 Rec8 38. Qg3+ Kf7 39. Qh3
Rxc5 40. Qxh7+ Ke6 41. f4 d3 42. Qh3+ f5 43. fxe5 R8c6 44. Qh6+ Kxe5 45. Qe3+
Kf6 46. Qh6+ Ke7 47. Qg7+ Kd6 48. Qd4+ Kc7 49. Qg7+ Kb6 50. Qb2+ Ka6 51. Qa3+
Kb7 52. Qb3+ Kc7 53. Qf7+ Kd6 54. Qf6+ Kd5 55. Qxf5+ Kc4 56. Qe4+ Kc3 57. Qe3
Kc2 58. Qe4 Rf6+ 59. Kg1 Rcf5 60. Qc4+ Kd2 61. Qb4+ Kd1 62. Qa4+ Kd2 63. Qb4+
1/2-1/2

[Event "2015 Canadian Closed"]
[Site "Guelph, Ontario"]
[Date "2015.07.12"]
[Round "4.21"]
[White "Doknjas, Neil"]
[Black "Piccinin, Mario"]
[Result "0-1"]
[WhiteElo "1789"]
[BlackElo "2068"]
[PlyCount "102"]
[EventDate "2015.??.??"]
[SourceDate "2015.07.10"]
[TimeControl "40/5400+30:1800+30"]

1. e4 Nc6 2. Nf3 f5 3. exf5 d5 4. Bb5 Bxf5 5. Nh4 Bd7 6. Qh5+ g6 7. Nxg6 Nf6 8.
Qh4 hxg6 9. Qxh8 Nd4 10. Bd3 Bf5 11. Na3 Qd6 12. O-O Bxd3 13. cxd3 Qf4 14. Qh3
Ng4 15. f3 Ne5 16. Kh1 Nxd3 17. Qg3 g5 18. Qxf4 gxf4 19. b3 e5 20. Rb1 Bb4 21.
g4 O-O-O 22. Bb2 Nxb2 23. Rxb2 Bxa3 24. Rbb1 a5 25. d3 Rh8 26. Kg2 Kd7 27. Rh1
Rh4 28. h3 b6 29. Kf2 Bc5 30. Kg2 Nc2 31. a4 Ne3+ 32. Kh2 Ke6 33. Rb2 e4 34.
dxe4 dxe4 35. fxe4 Nxg4+ 36. Kg2 Ne3+ 37. Kf3 Bd4 38. Rd2 Ke5 39. Rdh2 c5 40.
Rg1 c4 41. bxc4 Nxc4 42. Rg5+ Ke6 43. Rg8 Ne5+ 44. Ke2 f3+ 45. Kf1 Rxe4 46. Rd2
Bc5 47. Rg3 Rxa4 48. Rd1 Ra2 49. h4 Rf2+ 50. Ke1 Rh2 51. Rg5 Be3 0-1

[Event "2015 Canadian Closed"]
[Site "Guelph, Ontario"]
[Date "2015.07.12"]
[Round "5.1"]
[White "Gerzhoy, Leonid"]
[Black "Sambuev, Bator"]
[Result "1/2-1/2"]
[WhiteElo "2538"]
[BlackElo "2642"]
[PlyCount "43"]
[EventDate "2015.??.??"]
[SourceDate "2015.07.10"]

1. d4 Nf6 2. Bg5 d5 3. Bxf6 exf6 4. e3 Bd6 5. c4 dxc4 6. Bxc4 O-O 7. Nf3 a6 8.
O-O c5 9. dxc5 Bxc5 10. Nc3 Nc6 11. Qe2 Bg4 12. Rfd1 Qe8 13. h3 Bxf3 14. Qxf3
Rc8 15. Qe4 Bb4 16. Qxe8 Rfxe8 17. Nd5 Ba5 18. Rac1 Ne5 19. Be2 Rxc1 20. Rxc1
Rb8 21. b4 Bd8 22. a4 1/2-1/2

[Event "2015 Canadian Closed"]
[Site "Guelph, Ontario"]
[Date "2015.07.12"]
[Round "5.5"]
[White "Cao, Jason"]
[Black "Gentes, Kevin"]
[Result "1/2-1/2"]
[WhiteElo "2439"]
[BlackElo "2353"]
[PlyCount "99"]
[EventDate "2015.??.??"]
[SourceDate "2015.07.10"]

1. e4 e5 2. Nf3 Nc6 3. Bb5 a6 4. Ba4 Nf6 5. d3 b5 6. Bb3 Be7 7. O-O O-O 8. c3
d5 9. exd5 Nxd5 10. Re1 Qd6 11. Nbd2 Nf4 12. Ne4 Qg6 13. Bxf4 exf4 14. Kh1 Be6
15. d4 Rad8 16. Bxe6 Qxe6 17. a4 b4 18. Qd3 a5 19. Rad1 Qd5 20. c4 Qf5 21. b3
Bf6 22. d5 Nb8 23. d6 Bc3 24. Nh4 Qg4 25. Nxc3 Rxd6 26. Nd5 Qxh4 27. Qd4 Nc6
28. Qxf4 Qxf4 29. Nxf4 Nd4 30. Rd3 c5 31. Re5 Rc8 32. Ne2 f6 33. Re7 Re6 34.
Rxe6 Nxe6 35. g4 Rd8 36. Rxd8+ Nxd8 37. Kg2 Kf7 38. Kf3 Ke6 39. Ke4 Kd6 40. f4
g6 41. h4 Nf7 42. Ng3 Nh6 43. g5 f5+ 44. Kf3 Ng8 45. h5 Ne7 46. h6 Ke6 47. Ne2
Nc6 48. Ke3 Kf7 49. Kd3 Ke6 50. Ke3 1/2-1/2

[Event "2015 Canadian Closed"]
[Site "Guelph, Ontario"]
[Date "2015.07.12"]
[Round "5.7"]
[White "Peredun, Andrew"]
[Black "Oussedik, Elias"]
[Result "1-0"]
[WhiteElo "2406"]
[BlackElo "2328"]
[PlyCount "149"]
[EventDate "2015.??.??"]
[SourceDate "2015.07.10"]

1. d4 e6 2. Nf3 Nf6 3. Bf4 c5 4. e3 Be7 5. dxc5 Bxc5 6. c4 O-O 7. Nc3 a6 8. Be2
Be7 9. O-O d6 10. h3 b6 11. Qd2 Qc7 12. Rfd1 Rd8 13. Rac1 Bb7 14. Bh2 Qc8 15.
Na4 Nbd7 16. Qb4 a5 17. Qa3 e5 18. b3 Bf8 19. Qb2 Ne4 20. Nd2 Qc7 21. Nxe4 Bxe4
22. Nc3 Bc6 23. Nd5 Qb7 24. a4 Rac8 25. Bf3 Nc5 26. Qb1 Re8 27. Bg3 Qb8 28. Bg4
Bd7 29. Bxd7 Nxd7 30. e4 Re6 31. f3 Nc5 32. Bf2 Rg6 33. Rd2 Kh8 34. Rcd1 Re6
35. Be3 Kg8 36. Nc3 Be7 37. Nb5 Rd8 38. Qc2 Kf8 39. Qc3 Na6 40. g3 Kg8 41. Kh2
Rc8 42. Qd3 Rd8 43. Qe2 Rc8 44. Qf2 Rc6 45. Kg2 Rg6 46. Kf1 Re6 47. Ke2 Rg6 48.
Qh2 Re6 49. h4 Nc5 50. Bxc5 Rxc5 51. Qh3 Qf8 52. Nc3 Kh8 53. Nd5 Bd8 54. Kd3
Qe8 55. Nc3 Qf8 56. Kc2 Rc6 57. Kb2 Qe8 58. Nd5 Kg8 59. Ne3 Be7 60. Rd5 Bf8 61.
Rb5 Be7 62. Ka2 Rf6 63. Qh1 Qc8 64. Nd5 Re6 65. Nxb6 Rxb6 66. Rxb6 h5 67. Rb5
Rg6 68. Qh2 Qa8 69. Qf2 Qc8 70. Rxa5 Kh7 71. Ra7 Re6 72. Rd5 Qb8 73. Rb5 Qd8
74. Rbb7 Bf6 75. Qb6 1-0

[Event "2015 Canadian Closed"]
[Site "Guelph, Ontario"]
[Date "2015.07.12"]
[Round "5.8"]
[White "Humphreys, Michael"]
[Black "Plotkin, Victor"]
[Result "1/2-1/2"]
[WhiteElo "2348"]
[BlackElo "2400"]
[PlyCount "85"]
[EventDate "2015.??.??"]
[SourceDate "2015.07.10"]
[TimeControl "40/5400+30:1800+30"]

1. d4 d5 2. c4 dxc4 3. e3 Nf6 4. Bxc4 e6 5. Nf3 c5 6. O-O a6 7. dxc5 Bxc5 8.
Qxd8+ Kxd8 9. Ne5 Ke7 10. Be2 b5 11. a4 Bd6 12. Nf3 b4 13. Nd4 e5 14. Nb3 Be6
15. N1d2 Rc8 16. Na5 Nc6 17. Nac4 Bc7 18. Nb3 e4 19. Bd2 Nd5 20. Nc5 Ne5 21.
Nxa6 Nxc4 22. Bxc4 Bxh2+ 23. Kxh2 Rxc4 24. Nxb4 Rxb4 25. Bxb4+ Nxb4 26. a5 Kd6
27. Rfd1+ Nd3 28. Ra4 Bd5 29. Rd2 Kc5 30. Rd4 Bc6 31. Rc2+ Kb5 32. b4 Rb8 33.
Rcc4 Rb7 34. Rc2 Nxb4 35. Rxb4+ Kxb4 36. Rxc6 Kxa5 37. Rc4 Re7 38. g4 Kb5 39.
Rd4 Kc5 40. Kg3 g5 41. Rd8 Re6 42. Rd7 Rf6 43. Rd4 1/2-1/2

[Event "2015 Canadian Closed"]
[Site "Guelph, Ontario"]
[Date "2015.07.12"]
[Round "5.9"]
[White "Yam, Alex"]
[Black "Dougherty, Michael"]
[Result "1-0"]
[WhiteElo "2384"]
[BlackElo "2285"]
[PlyCount "63"]
[EventDate "2015.??.??"]
[SourceDate "2015.07.10"]
[TimeControl "40/5400+30:1800+30"]

1. e4 g6 2. d4 Bg7 3. c4 d6 4. Nc3 Nf6 5. Nf3 O-O 6. h3 e5 7. d5 Na6 8. Bd3 Nh5
9. g3 Qe8 10. Nh4 Nc5 11. Be2 Nf6 12. Qc2 a5 13. Be3 a4 14. O-O-O a3 15. b3 Na6
16. Kb1 Nd7 17. Rdg1 Ndc5 18. g4 c6 19. Qd2 Nb4 20. Nf5 Bxf5 21. gxf5 cxd5 22.
cxd5 Qd8 23. h4 Qa5 24. h5 Rfc8 25. Bc4 Nxa2 26. Kxa2 b5 27. Nxb5 Nxb3 28. Bxb3
Qxb5 29. hxg6 fxg6 30. fxg6 h6 31. Bxh6 Bxh6 32. Rxh6 1-0

[Event "2015 Canadian Closed"]
[Site "Guelph, Ontario"]
[Date "2015.07.12"]
[Round "5.11"]
[White "Barron, Michael"]
[Black "Kiviaho, Robert"]
[Result "1-0"]
[WhiteElo "2306"]
[BlackElo "2161"]
[PlyCount "81"]
[EventDate "2015.??.??"]
[SourceDate "2015.07.10"]
[TimeControl "40/5400+30:1800+30"]

1. e4 c5 2. Nf3 d6 3. d4 cxd4 4. Nxd4 Nf6 5. Nc3 g6 6. Be2 Bg7 7. O-O O-O 8.
Kh1 Nc6 9. Nb3 Be6 10. Bg5 Rc8 11. f4 Na5 12. f5 Bc4 13. Bd3 b5 14. Nd2 b4 15.
Ne2 Qc7 16. Rc1 Qb7 17. b3 Bxd3 18. cxd3 Ng4 19. h3 Ne5 20. d4 Rxc1 21. Qxc1
Rc8 22. Qb1 Nec6 23. f6 exf6 24. Bxf6 Bxf6 25. Rxf6 Qe7 26. Qf1 Nd8 27. Rf2 Rc2
28. Nf4 Qg5 29. Qd3 Rc1+ 30. Kh2 h5 31. Nd5 h4 32. Nf1 Nac6 33. Nf6+ Kh8 34. d5
Ne5 35. Qb5 Nec6 36. Qa6 Nd4 37. Qxd6 Kg7 38. Qxd8 Qe5+ 39. Kh1 Nf5 40. Qg8+
Kxf6 41. Qh8+ 1-0

[Event "2015 Canadian Closed"]
[Site "Guelph, Ontario"]
[Date "2015.07.12"]
[Round "5.13"]
[White "Noritsyn, Sergey"]
[Black "Doknjas, John"]
[Result "1/2-1/2"]
[WhiteElo "2090"]
[BlackElo "2316"]
[PlyCount "133"]
[EventDate "2015.??.??"]
[SourceDate "2015.07.10"]

1. e4 c5 2. Nf3 d6 3. c3 Nf6 4. h3 g6 5. Bd3 Bg7 6. Bc2 e5 7. O-O O-O 8. d4
exd4 9. cxd4 Nc6 10. Nc3 cxd4 11. Nxd4 Nxe4 12. Nxc6 Nxc3 13. Nxd8 Nxd1 14.
Nxf7 Nxb2 15. Nxd6 Nc4 16. Bb3 Bxa1 17. Bxc4+ Kg7 18. Re1 Bd4 19. Re7+ Kf6 20.
Rxh7 Be6 21. Ne4+ Ke5 22. Bd3 Rf7 23. Rh4 Bxa2 24. g3 a5 25. Rg4 Kd5 26. Rxg6
Be5 27. Be3 Bc4 28. Bc2 a4 29. Nc5 Rf6 30. Rg7 Kc6 31. Nd7 Re6 32. Be4+ Bd5 33.
Rg5 Bxe4 34. Nxe5+ Kb5 35. Nd3+ Kc4 36. Nf4 Rd6 37. Rc5+ Kb3 38. Rb5+ Kc2 39.
Rc5+ Kb2 40. Rb5+ Ka2 41. g4 a3 42. Ne2 Rd1+ 43. Kh2 Rc8 44. Bc5 Rh1+ 45. Kg3
Bd3 46. Nc3+ Ka1 47. Ra5 Rxc5 48. Rxc5 Rc1 49. Kf3 b5 50. Ke3 b4 51. Kxd3 bxc3
52. g5 a2 53. g6 Rg1 54. Kxc3 Rxg6 55. Kc2 Rf6 56. Rd5 Rxf2+ 57. Kb3 Rb2+ 58.
Kc3 Rb1 59. Kc2 Rh1 60. Rd2 Rb1 61. Rd5 Rb2+ 62. Kc3 Rb8 63. Rd1+ Rb1 64. Rd2
Rc1+ 65. Kb3 Rb1+ 66. Ka3 Rb2 67. Rxb2 1/2-1/2

[Event "2015 Canadian Closed"]
[Site "Guelph, Ontario"]
[Date "2015.07.12"]
[Round "5.14"]
[White "Wan, Kevin"]
[Black "Song, Guannan Terry"]
[Result "1-0"]
[WhiteElo "2302"]
[BlackElo "2202"]
[PlyCount "59"]
[EventDate "2015.??.??"]
[SourceDate "2015.07.10"]
[TimeControl "40/5400+30:1800+30"]

1. e4 c5 2. Nf3 d6 3. d4 cxd4 4. Nxd4 Nf6 5. Nc3 a6 6. h3 e5 7. Nf3 Qc7 8. Be3
Be7 9. Qd2 h6 10. a4 Be6 11. Nd5 Nxd5 12. exd5 Bf5 13. c4 Nd7 14. Bd3 Bxd3 15.
Qxd3 O-O 16. g4 Rfc8 17. Nd2 b5 18. cxb5 axb5 19. Qxb5 Rab8 20. Qd3 Rxb2 21.
O-O Bg5 22. Bxg5 hxg5 23. Ne4 Nc5 24. Nxc5 Qxc5 25. a5 Qa7 26. a6 Rcc2 27. Qf5
Qe3 28. Qxc2 Qxh3 29. Qe4 f5 30. Qg2 1-0

[Event "2015 Canadian Closed"]
[Site "Guelph, Ontario"]
[Date "2015.07.12"]
[Round "5.15"]
[White "Buscar, Michael"]
[Black "Chen, Richard"]
[Result "1/2-1/2"]
[WhiteElo "2245"]
[BlackElo "2297"]
[PlyCount "78"]
[EventDate "2015.??.??"]
[SourceDate "2015.07.10"]

1. d4 Nf6 2. Nf3 b6 3. e3 Bb7 4. Bd3 c5 5. Nbd2 g6 6. O-O Bg7 7. Qe2 d6 8. c3
Nbd7 9. Re1 O-O 10. a4 a6 11. e4 cxd4 12. cxd4 e5 13. d5 Nc5 14. Bc4 a5 15. Rf1
Nfd7 16. Ne1 f5 17. Nd3 f4 18. f3 g5 19. Nxc5 Nxc5 20. Nb3 h5 21. Nxc5 bxc5 22.
Ra3 Bc8 23. h3 Rf6 24. Kf2 Rg6 25. Ke1 g4 26. hxg4 hxg4 27. Kd1 gxf3 28. gxf3
Bh3 29. Rf2 Rg3 30. Kc2 Bf6 31. Qd3 Bh4 32. Rh2 Qg5 33. Bd2 Kf7 34. Rb3 Rg8 35.
Rb7+ Kf6 36. Rb6 Ke7 37. Rb7+ Kf6 38. Rb6 Ke7 39. Rb7+ Kf6 1/2-1/2

[Event "2015 Canadian Closed"]
[Site "Guelph, Ontario"]
[Date "2015.07.12"]
[Round "5.16"]
[White "Hamilton, Robert"]
[Black "Li, Yinshi"]
[Result "1/2-1/2"]
[WhiteElo "2279"]
[BlackElo "2211"]
[PlyCount "81"]
[EventDate "2015.??.??"]
[SourceDate "2015.07.10"]
[TimeControl "40/5400+30:1800+30"]

1. d4 d5 2. c4 c6 3. Nf3 Nf6 4. Qb3 e6 5. Nc3 Bd6 6. Bg5 Nbd7 7. e3 O-O 8. Rc1
a6 9. a4 Qa5 10. Bxf6 Nxf6 11. Bd3 Bd7 12. c5 Be7 13. Qa3 b5 14. b4 Qc7 15. O-O
Rfb8 16. Ra1 Qb7 17. a5 Be8 18. Rfe1 Qc7 19. Rad1 Nh5 20. Qa2 f5 21. Bb1 Nf6
22. Ne5 Nd7 23. f4 Kh8 24. Qe2 Nf6 25. h3 Ne4 26. Bxe4 fxe4 27. Qg4 Qc8 28. Ne2
Bf6 29. Ng3 Ra7 30. Rf1 Bxe5 31. fxe5 Rf7 32. Ne2 Rxf1+ 33. Rxf1 Bg6 34. Nf4
Bf5 35. Qh4 Qe8 36. g4 Bg6 37. Qf2 Kg8 38. h4 Qe7 39. Qg3 Rf8 40. Kg2 Be8 41.
Rf2 1/2-1/2

[Event "2015 Canadian Closed"]
[Site "Guelph, Ontario"]
[Date "2015.07.12"]
[Round "5.17"]
[White "Manley, Jason"]
[Black "Filipovich, David"]
[Result "0-1"]
[WhiteElo "2164"]
[BlackElo "2198"]
[PlyCount "82"]
[EventDate "2015.??.??"]
[SourceDate "2015.07.10"]

1. e4 g6 2. d4 Bg7 3. Bd3 Bxd4 4. Nf3 Bg7 5. O-O d6 6. c3 Nf6 7. Bg5 O-O 8.
Nbd2 c5 9. Re1 Nc6 10. Nf1 Bg4 11. Ne3 Bxf3 12. Qxf3 Ne5 13. Qe2 Nxd3 14. Qxd3
Re8 15. Rad1 Qc8 16. h3 Qc6 17. Nd5 Nxd5 18. exd5 Qd7 19. Re2 Bf8 20. Bf4 b5
21. b3 a5 22. c4 b4 23. Bc1 a4 24. Bb2 Ra6 25. h4 Rea8 26. h5 axb3 27. hxg6
hxg6 28. axb3 Bg7 29. Bxg7 Kxg7 30. Rde1 Ra1 31. Qd2 Rxe1+ 32. Qxe1 Qf5 33.
Rxe7 Qf6 34. Qe4 Ra1+ 35. Kh2 Qxf2 36. Re8 Rd1 37. Qf3 Qh4+ 38. Qh3 Qf4+ 39. g3
Rd2+ 40. Kh1 Qf3+ 41. Kg1 Qf2+ 0-1

[Event "2015 Canadian Closed"]
[Site "Guelph, Ontario"]
[Date "2015.07.12"]
[Round "5.18"]
[White "Jung, Hans"]
[Black "Cai, Jason"]
[Result "0-1"]
[WhiteElo "2294"]
[BlackElo "2254"]
[PlyCount "40"]
[EventDate "2015.??.??"]
[SourceDate "2015.07.10"]
[TimeControl "40/5400+30:1800+30"]

1. Nc3 d5 2. e4 d4 3. Nce2 e5 4. Ng3 Be6 5. d3 Nc6 6. a3 g6 7. f4 exf4 8. Bxf4
Bg7 9. Nf3 Nf6 10. Be2 O-O 11. Qd2 Ng4 12. O-O Nge5 13. Bh6 Nxf3+ 14. Bxf3 Ne5
15. Bxg7 Kxg7 16. Be2 c5 17. Qf4 Nd7 18. Nf5+ gxf5 19. exf5 Bd5 20. f6+ Qxf6
0-1

[Event "2015 Canadian Closed"]
[Site "Guelph, Ontario"]
[Date "2015.07.12"]
[Round "5.19"]
[White "Zhong, Joey"]
[Black "Doknjas, Joshua"]
[Result "1/2-1/2"]
[WhiteElo "2114"]
[BlackElo "2083"]
[PlyCount "104"]
[EventDate "2015.??.??"]
[SourceDate "2015.07.10"]

1. e4 c5 2. Nf3 d6 3. Bb5+ Nd7 4. d4 cxd4 5. Qxd4 a6 6. Bxd7+ Bxd7 7. c4 Rc8 8.
Nc3 Qc7 9. b3 e5 10. Qd3 b5 11. Nd5 Qb7 12. O-O Ne7 13. Nxe7 Bxe7 14. Ba3 b4
15. Bb2 O-O 16. Rfe1 f5 17. exf5 Bc6 18. f6 Rxf6 19. Ng5 Rg6 20. Ne4 Qd7 21. f3
Rf8 22. Kh1 Bh4 23. Re2 Qc7 24. Rd1 Be7 25. Bc1 Rc8 26. Rc2 Qb8 27. Bb2 a5 28.
a4 Rd8 29. Qe2 Re6 30. Rcd2 h6 31. Rd3 Kh8 32. Qe3 Qc7 33. Qe2 Bb7 34. Qe3 Bc6
35. Qe2 Kh7 36. Qe3 Qb8 37. Qe2 Qa7 38. R3d2 Kg8 39. Rd3 Kh8 40. R3d2 Bf8 41.
Rd3 Be7 42. Bc1 Qa8 43. Qe3 Kh7 44. Bb2 Rg6 45. h3 Kh8 46. Kh2 Qb8 47. Kh1 Kh7
48. Kh2 Qa8 49. Kh1 Qc8 50. Kh2 Kh8 51. Kh1 Qf5 52. Kh2 Qc8 1/2-1/2

[Event "2015 Canadian Closed"]
[Site "Guelph, Ontario"]
[Date "2015.07.12"]
[Round "5.20"]
[White "Drkulec, Vlad"]
[Black "Piccinin, Mario"]
[Result "1-0"]
[WhiteElo "1950"]
[BlackElo "2068"]
[PlyCount "67"]
[EventDate "2015.??.??"]
[SourceDate "2015.07.10"]
[TimeControl "40/5400+30:1800+30"]

1. d4 f5 2. Nf3 Nf6 3. c4 d6 4. Nc3 g6 5. h4 h6 6. Qc2 Nc6 7. d5 Ne5 8. e4 Bg7
9. Nxe5 dxe5 10. exf5 Bxf5 11. Bd3 Qd7 12. f3 Bxd3 13. Qxd3 Qf5 14. Ne4 Nxe4
15. fxe4 Qg4 16. Qf3 Qxf3 17. gxf3 Rf8 18. Ke2 O-O-O 19. h5 g5 20. Be3 Rf7 21.
a4 Rdf8 22. Rhf1 a6 23. b4 Rf6 24. b5 c6 25. dxc6 axb5 26. cxb7+ Kxb7 27. axb5
R8f7 28. c5 Bf8 29. c6+ Kb8 30. Rfc1 e6 31. b6 Bd6 32. Rd1 Be7 33. b7 Rf8 34.
Rd7 1-0

[Event "2015 Canadian Closed"]
[Site "Guelph, Ontario"]
[Date "2015.07.13"]
[Round "6.1"]
[White "Sambuev, Bator"]
[Black "Peredun, Andrew"]
[Result "1-0"]
[WhiteElo "2642"]
[BlackElo "2406"]
[PlyCount "103"]
[EventDate "2015.??.??"]
[SourceDate "2015.07.10"]
[TimeControl "40/5400+30:1800+30"]

1. d4 d5 2. Nf3 Nf6 3. e3 e6 4. Bd3 c5 5. b3 Nc6 6. O-O Bd6 7. Bb2 O-O 8. a3 b6
9. Nbd2 Bb7 10. Qe2 Rc8 11. Ne5 Ne7 12. dxc5 Bxe5 13. Bxe5 Nd7 14. Bb2 Nxc5 15.
Qg4 Ng6 16. Bxg6 hxg6 17. Rac1 Qe7 18. f4 Ba6 19. Rf2 Rfd8 20. h4 Nd7 21. h5
Nf8 22. hxg6 f5 23. Qh5 Qe8 24. g4 fxg4 25. Qxg4 d4 26. Bxd4 Qxg6 27. Qxg6 Nxg6
28. Nf3 Bb7 29. Rg2 Rxd4 30. Nxd4 Bxg2 31. Kxg2 e5 32. fxe5 Nxe5 33. c4 Re8 34.
Rc3 Rf8 35. Kg3 Rf1 36. c5 bxc5 37. Rxc5 Nd3 38. Rc8+ Kh7 39. Rc7 a6 40. Ne6
Kh6 41. Ra7 Ne5 42. Nd4 Rf6 43. Re7 Nd3 44. e4 g6 45. Ne6 a5 46. Re8 g5 47. Nd4
Nc5 48. Re5 Nb7 49. Rd5 Kg6 50. e5 Rb6 51. Kg4 Ra6 52. Nf5 1-0

[Event "2015 Canadian Closed"]
[Site "Guelph, Ontario"]
[Date "2015.07.13"]
[Round "6.6"]
[White "Zhu, Hong Rui"]
[Black "Cao, Jason"]
[Result "1/2-1/2"]
[WhiteElo "2304"]
[BlackElo "2439"]
[PlyCount "104"]
[EventDate "2015.??.??"]
[SourceDate "2015.07.10"]

1. e4 c5 2. Ne2 a6 3. c4 d6 4. Nbc3 Nf6 5. d4 cxd4 6. Nxd4 e6 7. Be2 Be7 8. O-O
O-O 9. Be3 Qc7 10. Qd2 b6 11. Rac1 Bb7 12. f3 Nbd7 13. b3 Rac8 14. Bd3 Rfe8 15.
Qf2 Qb8 16. Rfd1 Ba8 17. Kh1 Bf8 18. Bf1 Rc5 19. Nde2 Rcc8 20. Nd4 Kh8 21. Kg1
Be7 22. Kh1 Rg8 23. Bd3 Ne5 24. Bf1 g5 25. Nde2 b5 26. cxb5 axb5 27. Ng3 b4 28.
Na4 Nfd7 29. Ba7 Qb7 30. Bd4 Rxc1 31. Rxc1 Rc8 32. Qd2 Rxc1 33. Qxc1 Kg8 34.
Nb2 Ng6 35. Nd3 d5 36. Qd2 g4 37. exd5 Qxd5 38. Ne1 Nde5 39. fxg4 Nxg4 40. Be2
Nf2+ 41. Kg1 Bc5 42. Nf3 Nh4 43. Kxf2 Nxf3 44. Bxf3 Bxd4+ 45. Kf1 Qb5+ 46. Qe2
Bc6 47. Bxc6 Qxc6 48. Qg4+ Bg7 49. Qxb4 Qa6+ 50. Ne2 Qxa2 51. Qb8+ Bf8 52. Qg3+
Bg7 1/2-1/2

[Event "2015 Canadian Closed"]
[Site "Guelph, Ontario"]
[Date "2015.07.13"]
[Round "6.8"]
[White "Plotkin, Victor"]
[Black "Barron, Michael"]
[Result "1-0"]
[WhiteElo "2400"]
[BlackElo "2306"]
[PlyCount "77"]
[EventDate "2015.??.??"]
[SourceDate "2015.07.10"]
[TimeControl "40/5400+30:1800+30"]

1. e4 e5 2. Nf3 Nc6 3. Bc4 Bc5 4. d3 Nf6 5. Nc3 d6 6. h3 Be6 7. Bb3 O-O 8. O-O
Bxb3 9. axb3 d5 10. Bg5 d4 11. Nd5 Be7 12. Nxe7+ Qxe7 13. Nh4 h6 14. Nf5 Qe6
15. Bd2 Kh7 16. f4 Nd7 17. Qg4 Rg8 18. Qh4 Raf8 19. fxe5 Ndxe5 20. Kh1 a6 21.
Nxh6 gxh6 22. Rf6 Rg6 23. Rxe6 fxe6 24. Bf4 Rgf6 25. Bxe5 Nxe5 26. Qh5 Ng6 27.
Qc5 e5 28. Qxc7+ R8f7 29. Qc8 h5 30. c3 Rf2 31. cxd4 exd4 32. Rc1 Nf4 33. Rc7
Nxd3 34. Qxb7 Ne5 35. Rxf7+ Rxf7 36. Qd5 d3 37. Qxe5 d2 38. Qxh5+ Kg8 39. Qg5+
1-0

[Event "2015 Canadian Closed"]
[Site "Guelph, Ontario"]
[Date "2015.07.13"]
[Round "6.11"]
[White "Noritsyn, Sergey"]
[Black "Wan, Kevin"]
[Result "0-1"]
[WhiteElo "2090"]
[BlackElo "2302"]
[PlyCount "92"]
[EventDate "2015.??.??"]
[SourceDate "2015.07.10"]
[TimeControl "40/5400+30:1800+30"]

1. e4 e6 2. d4 d5 3. Nc3 Bb4 4. e5 c5 5. a3 Bxc3+ 6. bxc3 Ne7 7. Nf3 Nbc6 8.
Bd3 Qa5 9. Bd2 c4 10. Be2 Bd7 11. a4 Nd8 12. Qc1 Bxa4 13. Qa3 b5 14. Nh4 Ndc6
15. f4 Qc7 16. Qb2 Ng6 17. Nf3 f6 18. h4 Nge7 19. g4 O-O 20. h5 f5 21. g5 Qd7
22. Kf2 Rfb8 23. g6 h6 24. Rh2 Kf8 25. Ra2 Ke8 26. Qa3 Kd8 27. Ke3 Kc7 28. Bc1
Nc8 29. Qc5 a5 30. Bd1 Qe7 31. Ba3 b4 32. cxb4 axb4 33. Bxb4 Rxb4 34. Qxe7+
N6xe7 35. c3 Rb3 36. Bxb3 cxb3 37. Rab2 Nb6 38. Nd2 Nc4+ 39. Nxc4 dxc4 40. Rhf2
Bc6 41. Rf1 Be4 42. Kf2 Nd5 43. Rc1 Nxf4 44. Ke3 Nd3 45. Rcb1 Nxb2 46. Rxb2 Ra2
0-1

[Event "2015 Canadian Closed"]
[Site "Guelph, Ontario"]
[Date "2015.07.13"]
[Round "6.12"]
[White "Zhou, Qiyu"]
[Black "Hamilton, Robert"]
[Result "0-1"]
[WhiteElo "2221"]
[BlackElo "2279"]
[PlyCount "146"]
[EventDate "2015.??.??"]
[SourceDate "2015.07.10"]

1. d4 d5 2. Nf3 Nf6 3. e3 c5 4. b3 Nc6 5. Bb2 Bg4 6. Be2 e6 7. O-O Rc8 8. Nbd2
cxd4 9. exd4 Be7 10. c4 O-O 11. Rc1 dxc4 12. bxc4 Qa5 13. a3 Rfd8 14. h3 Bf5
15. Qb3 Ne4 16. Nxe4 Bxe4 17. Rfd1 Bf6 18. Bc3 Qf5 19. Qb2 Rd7 20. Ne5 Nxe5 21.
dxe5 Rxd1+ 22. Rxd1 Bh4 23. f3 Bc6 24. Rd4 Bg3 25. Qd2 Qb1+ 26. Bf1 h5 27. Rd8+
Rxd8 28. Qxd8+ Kh7 29. Qd4 a6 30. Bd2 g6 31. Bb4 Qc2 32. f4 h4 33. Bd2 Qd1 34.
Qd6 Bh2+ 35. Kf2 Qc2 36. Qd3 Qa2 37. Be2 Qa1 38. Bf1 Qb2 39. Be2 Bg3+ 40. Kg1
b5 41. Qe3 Qb1+ 42. Bc1 bxc4 43. Bxc4 Qc2 44. Be2 Bb5 45. Bxb5 axb5 46. Qd2 Qc4
47. Qe3 Qc2 48. Qd2 Qxd2 49. Bxd2 g5 50. fxg5 Kg6 51. Kf1 Bxe5 52. Ke2 Bd6 53.
Bc1 Be7 54. Kd3 Bxg5 55. Bxg5 Kxg5 56. Kd4 Kf4 57. Kc5 e5 58. Kxb5 e4 59. Kc4
Ke5 60. a4 Kd6 61. Kd4 f5 62. a5 Kc6 63. Ke3 Kb5 64. Kf4 Kxa5 65. g3 hxg3 66.
Kxg3 Kb4 67. h4 Kc3 68. Kf4 Kd3 69. h5 e3 70. h6 e2 71. h7 e1=Q 72. h8=Q Qe4+
73. Kg5 Qg4+ 0-1

[Event "2015 Canadian Closed"]
[Site "Guelph, Ontario"]
[Date "2015.07.13"]
[Round "6.13"]
[White "Doknjas, John"]
[Black "Cai, Jason"]
[Result "1/2-1/2"]
[WhiteElo "2216"]
[BlackElo "2254"]
[PlyCount "82"]
[EventDate "2015.??.??"]
[SourceDate "2015.07.10"]
[TimeControl "40/5400+30:1800+30"]

1. d4 Nf6 2. c4 e6 3. Nc3 Bb4 4. e3 O-O 5. Bd3 d5 6. Nge2 c5 7. cxd5 exd5 8. a3
cxd4 9. exd4 Be7 10. O-O Bg4 11. f3 Bh5 12. Qb3 Qc7 13. g4 Bg6 14. Bxg6 hxg6
15. g5 Nh7 16. Qxd5 Qc8 17. f4 Nc6 18. Qg2 Re8 19. Bd2 Qd8 20. d5 Na5 21. Kh1
Nc4 22. Bc1 Qb6 23. b4 a5 24. bxa5 Rxa5 25. Rb1 Qc7 26. a4 Bc5 27. Qf3 Qd7 28.
Rb5 Rxb5 29. axb5 Nd6 30. Ng3 Nxb5 31. Nxb5 Qxb5 32. f5 Qd7 33. fxg6 fxg6 34.
Qd3 Re5 35. Rd1 Nf8 36. Bf4 Re8 37. Ne4 Bb6 38. Ng3 Qg4 39. Rf1 Qd7 40. Qb3 Bc5
41. Qd3 Ne6 1/2-1/2